|
|
|
|
| LEADER |
00000nam a2200000 a 4500 |
| 001 |
vtls001432863 |
| 003 |
SK-MaSNL |
| 005 |
20260302001933.0 |
| 008 |
251113s1999 PL r 0 pol |
| 020 |
|
|
|a 8388176005
|c [140,00]
|
| 035 |
|
|
|a SNK000387927
|
| 040 |
|
|
|a SNK
|b slo
|c SNK
|e AACR2
|
| 044 |
|
|
|a PL
|
| 080 |
|
|
|a 884-14
|2 1981
|
| 100 |
1 |
|
|a Legeżyńska, Anna
|4 aut
|9 288862
|
| 245 |
1 |
|
|a Gest pożegnania
|b szkice o poetyckiej świadomości elegijno-ironicznej
|c Anna Legeżyńska
|
| 260 |
|
|
|a Poznań
|b Poznańskie Studia Polonistyczne
|c 1999
|
| 300 |
|
|
|a 192 s.
|c 21 cm
|
| 490 |
1 |
|
|a Prace Instytutu Filologii Polskiej Uniwersytetu im. Adama Mickiewicza
|
| 490 |
1 |
|
|a Biblioteka Literacka Poznańskich Studiów Polonistycznych
|x 1427-9118
|v t. 17
|
| 650 |
0 |
7 |
|a poézia lyrická poľská
|x štúdie literárno-kritické
|2 SNK
|9 638636
|
| 830 |
|
0 |
|a Prace Instytutu Filologii Polskiej Uniwersytetu im. Adama Mickiewicza
|9 299794
|
| 830 |
|
0 |
|a Biblioteka Literacka Poznańskich Studiów Polonistycznych
|9 290735
|
| 919 |
|
|
|a 83-88176-00-5
|
| 999 |
|
|
|c 985938
|d 987868
|
| 952 |
|
|
|t P60, <04>, [BOOK], {604}
|a SNK
|b SNK
|y VYP
|7 0
|p 17A0340646
|o snkIC 130038
|i snkV 506/2002
|0 0
|1 0
|4 0
|d 2002-05-13
|l 0
|r 2005-01-02 00:00:00
|w 2026-02-24
|